000
00286nam a2200109Ia 4500
008
200302s9999 xx 000 0 und d
100
_a
H. E. Beckett & Others
245
_a
Windows Performance, Design and Installation
260
_b
Riba Publications Ltd.
260
_c
1974
300
_a
369 P.,
999
_c
55
_d
55